Attachment of listeria monocytogenes to radish tissue is dependent upon temperature and flagellar motility /

Bewaard in:
Bibliografische gegevens
Hoofdauteur: Gorski, Lisa.
Andere auteurs: Mandrell, Robert E., Palumbo, Jeffrey D.
Formaat: Artikel
Taal:English
Onderwerpen:
Tags: Voeg label toe
Geen labels, Wees de eerste die dit record labelt!
Thư viện lưu trữ: Thư viện Trường Đại học Đà Lạt
LEADER 01049nam a2200337 4500
001 DLU090092073
005 ##20091201
040 # # |a DLU  |b eng 
041 # # |a eng 
044 # # |a us 
100 # # |a Gorski, Lisa. 
245 # # |a Attachment of listeria monocytogenes to radish tissue is dependent upon temperature and flagellar motility /  |c Lisa Gorski, Jeffrey D. Palumbo, Robert E. Mandrell. 
653 # # |a Contamination  
653 # # |a Gastroenteritis  
653 # # |a Listeria monocytogenes  
653 # # |a Listeriosis  
653 # # |a Mutants 
653 # # |a Organism  
653 # # |a Physiology  
700 # # |a Mandrell, Robert E. 
700 # # |a Palumbo, Jeffrey D. 
773 # # |t Applied and Environmental Microbiology  |g Vol. 69, no. 1 (January 2003), p. 258-266 
920 # # |a Phòng Tạp chí -- Trung tâm Thông tin - Thư viện Trường Đại học Đà Lạt 
994 # # |a DLU 
900 # # |a True 
911 # # |a Trương Bảo Trâm Anh 
925 # # |a G 
926 # # |a A 
927 # # |a BB 
980 # # |a Thư viện Trường Đại học Đà Lạt